00984cam a2200265 a 450000100100000000500170001000800410002702000150006804000300008304100380011308200210015110000270017224000320019924500780023126000460030930000320035553400520038765000300043965000340046970000310050391000330053404900090056795201250057699900170070100001807820200929165338.0750623s1975 onc 000 1 eng d a0771015860 aDO-SdBNPcDLCdDLCdBNPHU17aenghfre2Código de idioma MARC a828.99343bB742f1 aBosco, Monique,93917913aLa Femme de Loth.lEnglish.10aLot's wife /cMonique Bosco ; translated from the French by John Glassco. aToronto :bMcClelland and Stewart,c1975. a149, [150-151] p. ;c22 cm. pTranslation of french:tLa femme de Loth.c1970 4aNovela australiana913045 4aLiteratura australiana9114801 aGlassco, John,etr.939180 aCatalogación derivada / LC aBNGR 001054708MOaGRbGRcCTd2010-04-13iLF1l0o828.99343 B742fp18078-10r2020-06-25w2020-06-25y4ZPréstamo en sala c17600d17600